| 3 | 8 | 1 | 3 | 120 | 46 | 103.27 | 8 | 11 |
Beliefs | 3 | 8 | 3 | 1 | 110 | 28 | 83.73 | 9 | 11 |
Philosophy | 4 | 4 | 2 | 1 | 90 | 9 | 60.88 | 8 | 8 |
Social Science | 0 | 8 | 0 | 3 | 80 | 80 | 109.13 | 5 | 8 |
Literature - American Literature | 3 | 2 | 1 | 0 | 60 | 32 | 73.20 | 5 | 5 |
History - American History | 2 | 2 | 3 | 0 | 35 | 39 | 57.25 | 3 | 4 |
Literature - British Literature | 1 | 2 | 1 | 2 | 30 | 61 | 122.00 | 0 | 3 |
History - European History | 1 | 3 | 3 | 0 | 30 | 41 | 76.75 | 4 | 4 |
Other Academic | 0 | 3 | 0 | 1 | 30 | 67 | 94.00 | 2 | 3 |
Literature - European Literature | 2 | 0 | 0 | 0 | 30 | 10 | 28.50 | 2 | 2 |
Fine Arts - Visual Fine Arts | 1 | 2 | 2 | 0 | 25 | 44 | 88.67 | 1 | 3 |
Fine Arts - Auditory Fine Arts | 0 | 2 | 0 | 0 | 20 | 78 | 79.00 | 2 | 2 |
Science - Physics | 0 | 2 | 0 | 1 | 20 | 110 | 116.50 | 1 | 2 |
Current Events | 0 | 2 | 0 | 0 | 20 | 65 | 98.50 | 1 | 2 |
Other Arts: Visual | 0 | 2 | 1 | 2 | 15 | 115 | 122.50 | 1 | 2 |
Other Arts: Auditory | 0 | 2 | 1 | 1 | 15 | 92 | 119.00 | 1 | 2 |
Science - Chemistry | 0 | 1 | 0 | 1 | 10 | 130 | 130.00 | 0 | 1 |
Other Science: Astronomy | 0 | 1 | 0 | 1 | 10 | 138 | 138.00 | 0 | 1 |
Other Science: Math | 1 | 0 | 1 | 0 | 10 | 73 | 73.00 | 1 | 1 |
Geography | 0 | 1 | 0 | 0 | 10 | 104 | 104.00 | 1 | 1 |
Religion | 0 | 1 | 0 | 1 | 10 | 151 | 151.00 | 1 | 1 |
Other Science: Computer Science | 0 | 1 | 1 | 0 | 5 | 92 | 92.00 | 1 | 1 |
History - World History | 0 | 1 | 1 | 0 | 5 | 79 | 79.00 | 0 | 1 |
History - Other History | 0 | 0 | 0 | 0 | 0 | | 0.00 | 0 | 0 |
Science - Biology | 0 | 0 | 0 | 0 | 0 | | 0.00 | 0 | 0 |
Other Science: Earth Science | 0 | 0 | 1 | 0 | -5 | | 0.00 | 0 | 0 |